| 000 | 00671nam a2200217 4500 | ||
|---|---|---|---|
| 001 | 133165 | ||
| 003 | ES-MaACL | ||
| 005 | 20230906194334.0 | ||
| 007 | t| | ||
| 008 | 070214s1910 it r ||||1| ita d | ||
| 100 | 1 |
_aRossi-Toesca, V. _999892 |
|
| 245 | 1 | 0 |
_aI diritti del Giappone sulla Corea / _cV. Rossi-Toesca. |
| 260 |
_aRoma : _bTip. Unione Ed., _c1910. |
||
| 300 | _a27 p. | ||
| 490 | 1 |
_aBiblioteca di studi coloniali ; _v2 |
|
| 500 | _aPrecede al Tit : Istituto Coloniale Italiano. | ||
| 710 | 2 |
_aIstituto Coloniale Italiano. _95294 |
|
| 830 | 0 |
_aBiblioteca di studi coloniali ; _v2 _9186923 |
|
| 852 |
_aES-MaACL _jT-1361-F-7 |
||
| 999 |
_c133165 _d133165 |
||